Capacity building for surveillance and control of zoonotic diseases : (Record no. 15932)

000 -LEADER
fixed length control field 00588cam a22001577a 4500
020 ## - INTERNATIONAL STANDARD BOOK NUMBER
ISBN 9251053537 (pbk.)
040 ## - CATALOGING SOURCE
Transcribing agency MNU
082 04 - DEWEY DECIMAL CLASSIFICATION NUMBER
Classification number 636 FOO 2006 A090 Or.
245 10 - TITLE STATEMENT
Title Capacity building for surveillance and control of zoonotic diseases :
Remainder of title FAO/WHO/OIE Expert and Technical Consultation, Rome, 14-16 June 2005.
260 ## - PUBLICATION, DISTRIBUTION, ETC. (IMPRINT)
Place of publication Rome :
Name of publisher Food and Agriculture Organization of the United Nations,
Year of publication 2006.
300 ## - PHYSICAL DESCRIPTION
Number of Pages viii, 112 p. :
Other physical details ill. ;
Dimensions 30 cm.
500 ## - GENERAL NOTE
General note "TC/M/A0083E/1/09.05/1730"--P. [4] of cover.
650 #0 - SUBJECT ADDED ENTRY--TOPICAL TERM
Topical Term Zoonoses
650 #0 - SUBJECT ADDED ENTRY--TOPICAL TERM
Topical Term Public health surveillance.
942 ## - ADDED ENTRY ELEMENTS (KOHA)
Koha item type សៀវភៅភាសាអង់គ្លេស
952 ## - LOCATION AND ITEM INFORMATION (KOHA)
Withdrawn status [LOCAL, KOHA] 0
Holdings
Permanent Location Date acquired Koha item type Lost status Shelving location Barcode Current Location Full call number
Library Block A2017-12-19សៀវភៅភាសាអង់គ្លេស A090A12961Library Block A636 FOO 2006 A090 Or.
មជ្ឈមណ្ឌលឯការនៃសាកលវិទ្យាល័យភូមិន្ទកសិកម្មចំការដូង

Powered by Koha